000 00555nam a2200181 i 4500
001 141411
003 ES-MaACL
005 20250728110242.0
007 t|
008 070924s1962 sp ||||1| baq d
100 1 _aVillasante, Luis.
_9115152
245 1 0 _aKristau fedearen sustraiak i jainkoa /
_cLuis Villasante.
260 _aOñate :
_b[s.n.],
_c1962 (
_fGráfs. Santuario Aránzazu)
300 _a207 p. ;
_c20 cm.
650 1 7 _aReligión y filosofía
_2embne
_916811
852 _aES-MaACL
_jF-9860
_bR.51007
999 _c141411
_d141411